<?xml version="1.0" encoding="UTF-8"?>
<record
    xmlns:xsi="http://www.w3.org/2001/XMLSchema-instance"
    xsi:schemaLocation="http://www.loc.gov/MARC21/slim http://www.loc.gov/standards/marcxml/schema/MARC21slim.xsd"
    xmlns="http://www.loc.gov/MARC21/slim">

  <leader>01067nam a2200217Ia 4500</leader>
  <datafield tag="952" ind1=" " ind2=" ">
    <subfield code="0">0</subfield>
    <subfield code="1">0</subfield>
    <subfield code="4">0</subfield>
    <subfield code="7">0</subfield>
    <subfield code="a">19</subfield>
    <subfield code="b">19</subfield>
    <subfield code="d">2014-10-03</subfield>
    <subfield code="l">0</subfield>
    <subfield code="o">HM1011 A37 2007</subfield>
    <subfield code="p">19 001787</subfield>
    <subfield code="r">2014-10-03</subfield>
    <subfield code="t">1</subfield>
    <subfield code="w">2014-10-03</subfield>
    <subfield code="y">LB</subfield>
  </datafield>
  <datafield tag="999" ind1=" " ind2=" ">
    <subfield code="c">94453</subfield>
    <subfield code="d">94453</subfield>
  </datafield>
  <controlfield tag="005">20231102151735.0</controlfield>
  <controlfield tag="008">121028s    2007sp ap||  |||| 000 0 spa d</controlfield>
  <datafield tag="020" ind1=" " ind2=" ">
    <subfield code="a">9788448156770</subfield>
  </datafield>
  <datafield tag="050" ind1=" " ind2=" ">
    <subfield code="a">HM1011</subfield>
    <subfield code="b">A37 2007</subfield>
  </datafield>
  <datafield tag="100" ind1="1" ind2=" ">
    <subfield code="a">Garrido Luque, Alicia</subfield>
    <subfield code="e">autor</subfield>
  </datafield>
  <datafield tag="245" ind1=" " ind2=" ">
    <subfield code="a">Psicologia social</subfield>
    <subfield code="b">: perspectivas psicologicas y sociologicas</subfield>
    <subfield code="c">/ Jose Luis Alvaro, Alicia Garrido</subfield>
  </datafield>
  <datafield tag="260" ind1=" " ind2=" ">
    <subfield code="a">Espa&#xF1;a</subfield>
    <subfield code="b">: McGraw-Hill / Interamericana de Espa&#xF1;a</subfield>
    <subfield code="c">, 2007</subfield>
  </datafield>
  <datafield tag="300" ind1=" " ind2=" ">
    <subfield code="a">559 p&#xE1;ginas</subfield>
  </datafield>
  <datafield tag="500" ind1=" " ind2=" ">
    <subfield code="a">Incluye Indice</subfield>
  </datafield>
  <datafield tag="505" ind1=" " ind2=" ">
    <subfield code="a">Los inicios del pensamiento psicosociol&#xF3;gico en la segunda mitad del siglo XX
La consolidaci&#xF3;n de la Psicolog&#xED;a social como disciplina independiente
La revoluci&#xF3;n de la psicolog&#xED;a social como disciplina independiente
La revoluci&#xF3;n de la psicolog&#xED;a social hasta los a&#xF1;os 1970
La psicolog&#xED;a social actual
</subfield>
  </datafield>
  <datafield tag="519" ind1=" " ind2=" ">
    <subfield code="a">Educaci&#xF3;n Mixta / </subfield>
    <subfield code="b">Administraci&#xF3;n / </subfield>
    <subfield code="c">Material Complementaria (P19-4) / </subfield>
    <subfield code="d">(19 001787)</subfield>
  </datafield>
  <datafield tag="650" ind1=" " ind2=" ">
    <subfield code="a">PSICOLOG&#xCD;A SOCIAL</subfield>
  </datafield>
  <datafield tag="650" ind1=" " ind2=" ">
    <subfield code="a">EVOLUCI&#xD3;N</subfield>
    <subfield code="2">PSICOLOG&#xCD;A</subfield>
  </datafield>
  <datafield tag="700" ind1="1" ind2=" ">
    <subfield code="a">&#xC1;lvaro, Jos&#xE9; Luis</subfield>
    <subfield code="e">coautor</subfield>
  </datafield>
  <datafield tag="942" ind1=" " ind2=" ">
    <subfield code="c">LB</subfield>
  </datafield>
</record>
